00863nam a2200217 a 450000100100000000500170001000800410002704000250006808200260009310000310011924500680015026000630021830000200028159000260030165000280032765000280035565000550038391000370043895201530047599900170062800003125320240530073935.0110615s1945 dr 000 0 spa d aDO-SdBNPbspacBNPHU aRD864.44bP123p, 19451 aPadilla B., Juan E.94953310aPalabras de un director de su propia vida /cJuan E. Padilla B. aCiudad Trtujillo, República Dominicana :bRincon,c1945. a66 p. ;c21 cm. aInventariado, 2019/VM 0aPoesía dominicana966 0aEnsayos dominicanos965 4aLiteraruta dominicanaxHistoria y crítica957715 aValidado. Control de calidad MFF 001050718RVaPDbPDcHDd2011-06-15iLF1l0oRD864.44 P123p, 1945p31253-10r2020-06-25w2020-06-25y1zColección "Martinez Boog"ZNo se presta c30745d30745